[Event "SVK-ch U14"]
[Site "Liptovsky Mikulas"]
[Date "2017.04.25"]
[Round "5"]
[White "Gyerpal, Adrian"]
[Black "Cuker, Oliver"]
[Result "1-0"]
[WhiteElo "1909"]
[BlackElo "1473"]
[PlyCount "73"]
[EventDate "2017.04.22"]
[EventType "swiss"]
[EventRounds "9"]
[EventCountry "SVK"]
[SourceTitle "CBM 178 Extra"]
[Source "ChessBase"]
[SourceDate "2017.06.22"]
[SourceVersion "1"]
[SourceVersionDate "2017.06.22"]
[SourceQuality "1"]

1. d4 Nf6 2. c4 e6 3. Nf3 Bb4+ 4. Nbd2 b6 5. a3 Bxd2+ 6. Qxd2 Bb7 7. g3 0-0 8. Bg2 d6 9. 0-0 Nbd7 10. b4 Qe7 11. Bb2 Rfe8 12. e3 c5 13. Rfd1 Rad8 14. Rac1 h6 15. Qe2 d5 16. dxc5 bxc5 17. cxd5 Nxd5 18. Qb5 Ba8 19. bxc5 Rc8 20. c6 Rb8 21. Qe2 N7b6 22. Nd4 Rbc8 23. Qc2 a6 24. Qb3 Rc7 25. e4 Ne3 26. Qxe3 Rb8 27. Qb3 Rcc8 28. Qc2 Rc7 29. a4 Nxa4 30. Qxa4 Rxb2 31. Qxa6 Qe8 32. e5 Rb8 33. Nb5 Re7 34. c7 Bb7 35. cxb8Q Bxa6 36. Qxe8+ Rxe8 37. Nc7 1-0

[Event "SVK-ch U14"]
[Site "Liptovsky Mikulas"]
[Date "2017.04.22"]
[Round "1"]
[White "Popovic, Martin"]
[Black "Cuker, Oliver"]
[Result "1/2-1/2"]
[WhiteElo "1871"]
[BlackElo "1473"]
[PlyCount "38"]
[EventDate "2017.04.22"]
[EventType "swiss"]
[EventRounds "9"]
[EventCountry "SVK"]
[SourceTitle "CBM 178 Extra"]
[Source "ChessBase"]
[SourceDate "2017.06.22"]
[SourceVersion "1"]
[SourceVersionDate "2017.06.22"]
[SourceQuality "1"]

1. e4 e5 2. Nf3 Nf6 3. Nxe5 d6 4. Nf3 Nxe4 5. Nc3 Nxc3 6. dxc3 Be7 7. Be3 Nc6 8. Qd2 a6 9. Bc4 Be6 10. Bb3 Qd7 11. 0-0-0 0-0-0 12. h3 Rhe8 13. Rhe1 Bf6 14. Nd4 Bxb3 15. Nxb3 Ne5 16. Qd4 Nc6 17. Qf4 Be5 18. Qc4 Qe6 19. Qa4 Qg6 1/2-1/2

[Event "SVK-ch U14"]
[Site "Liptovsky Mikulas"]
[Date "2016.04.23"]
[Round "9"]
[White "Zahorcek, Jakub"]
[Black "Cuker, Oliver"]
[Result "1-0"]
[WhiteElo "1571"]
[BlackElo "1390"]
[PlyCount "91"]
[EventDate "2016.04.16"]
[EventType "swiss"]
[EventRounds "9"]
[EventCountry "SVK"]
[SourceTitle "CBM 172 Extra"]
[Source "ChessBase"]
[SourceDate "2016.06.21"]
[SourceVersion "1"]
[SourceVersionDate "2016.06.21"]
[SourceQuality "1"]

1. e4 c5 2. Nf3 d6 3. d4 cxd4 4. Nxd4 Nf6 5. Nc3 g6 6. Be3 Bg7 7. f3 0-0 8. Qd2 Nc6 9. 0-0-0 d5 10. exd5 Nxd5 11. Nxc6 bxc6 12. Nxd5 cxd5 13. Qxd5 Qc7 14. Qc5 Qb7 15. b3 Bf5 16. Bd3 Rfc8 17. Qa5 Bc3 18. Qb5 Qxb5 19. Bxb5 Rc7 20. g4 a6 21. Bc4 Bd7 22. Rd3 Bf6 23. Rhd1 Bb5 24. Rd8+ Rxd8 25. Rxd8+ Kg7 26. Bxb5 axb5 27. Bd4 Bxd4 28. Rxd4 Rc5 29. c4 bxc4 30. Rxc4 Re5 31. Kd2 Rd5+ 32. Ke2 Re5+ 33. Re4 Ra5 34. a4 e5 35. Rb4 f6 36. Rb5 Ra6 37. a5 Rc6 38. Kd3 Kf7 39. Rb6 Rc5 40. a6 Ra5 41. Rb7+ Ke6 42. a7 Kd6 43. b4 Ra4 44. b5 Kc5 45. b6 Kc6 46. Rb8 1-0

[Event "SVK-ch U12"]
[Site "Tatralandia"]
[Date "2015.04.22"]
[Round "6"]
[White "Steiniger, Florian"]
[Black "Cuker, Oliver"]
[Result "1/2-1/2"]
[WhiteElo "1388"]
[BlackElo "1324"]
[PlyCount "22"]
[EventDate "2015.04.18"]
[EventType "swiss"]
[EventRounds "9"]
[EventCountry "SVK"]
[SourceTitle "CBM 166 Extra"]
[Source "ChessBase"]
[SourceDate "2015.06.18"]
[SourceVersion "1"]
[SourceVersionDate "2015.06.18"]
[SourceQuality "1"]

1. e4 c5 2. c3 d5 3. exd5 Qxd5 4. Nf3 Nc6 5. Bb5 Bd7 6. 0-0 e6 7. d4 Bd6 8. Be3 Qf5 9. Qd2 Nf6 10. Rd1 0-0 11. Qd3 Qxd3 1/2-1/2

[Event "SVK-ch U12"]
[Site "Tatralandia"]
[Date "2015.04.21"]
[Round "5"]
[White "Cuker, Oliver"]
[Black "Ulehla, Jakub"]
[Result "0-1"]
[WhiteElo "1324"]
[BlackElo "1761"]
[PlyCount "74"]
[EventDate "2015.04.18"]
[EventType "swiss"]
[EventRounds "9"]
[EventCountry "SVK"]
[SourceTitle "CBM 166 Extra"]
[Source "ChessBase"]
[SourceDate "2015.06.18"]
[SourceVersion "1"]
[SourceVersionDate "2015.06.18"]
[SourceQuality "1"]

1. d4 d5 2. c4 c6 3. g3 Nf6 4. Qc2 e6 5. Nf3 Bd6 6. Bg2 0-0 7. 0-0 Qc7 8. c5 Be7 9. Bf4 Qd8 10. Nc3 Nbd7 11. e4 Re8 12. Rad1 b6 13. b4 a5 14. a3 axb4 15. axb4 Ba6 16. Rfe1 Bc4 17. Nd2 Ba6 18. Ra1 Bb7 19. Bf1 Bf8 20. Be2 e5 21. Be3 exd4 22. Bxd4 bxc5 23. bxc5 Nxc5 24. e5 Nfd7 25. f4 Ne6 26. Bf2 Bc5 27. Bd3 h6 28. Rxa8 Qxa8 29. f5 Bxf2+ 30. Kxf2 Nd4 31. Qb1 Rxe5 32. Nf3 Nxf3 33. Kxf3 Rxe1 34. Qxe1 Kf8 35. Qe3 d4 36. Qd2 dxc3 37. Qxc3 c5+ 0-1

[Event "SVK-ch U12"]
[Site "Tatralandia"]
[Date "2015.04.20"]
[Round "3"]
[White "Mezes, Kristof"]
[Black "Cuker, Oliver"]
[Result "1-0"]
[WhiteElo "1575"]
[BlackElo "1324"]
[PlyCount "99"]
[EventDate "2015.04.18"]
[EventType "swiss"]
[EventRounds "9"]
[EventCountry "SVK"]
[SourceTitle "CBM 166 Extra"]
[Source "ChessBase"]
[SourceDate "2015.06.18"]
[SourceVersion "1"]
[SourceVersionDate "2015.06.18"]
[SourceQuality "1"]

1. d4 d5 2. c4 e6 3. Nf3 Nf6 4. Bg5 Be7 5. Nc3 0-0 6. Bxf6 Bxf6 7. e4 dxe4 8. Nxe4 c6 9. Nxf6+ Qxf6 10. Bd3 Nd7 11. 0-0 b6 12. Qc2 h6 13. Rfe1 Bb7 14. Ne5 Rfd8 15. Be4 Rab8 16. Bxc6 Qe7 17. Bxb7 Rxb7 18. Nc6 Qf6 19. Nxd8 Qxd8 20. Rad1 Nf6 21. c5 Qc7 22. Qe2 Nd5 23. cxb6 Qxb6 24. Rd2 Nf4 25. Qe5 Nd5 26. Rc1 Rc7 27. Rxc7 Nxc7 28. Qc5 Qb7 29. Rc2 Nd5 30. Qc8+ Qxc8 31. Rxc8+ Kh7 32. Ra8 Nf4 33. Rd8 Kg6 34. g3 Nd5 35. Kg2 Nb4 36. a3 Nd3 37. b4 Ne1+ 38. Kf1 Nf3 39. h3 Nd2+ 40. Ke2 Nb1 41. Rd7 Nxa3 42. Rxa7 Nb5 43. Rd7 Nc3+ 44. Kd3 Nd5 45. b5 Kf6 46. f3 Kg6 47. Rd6 Nc7 48. b6 Ne8 49. b7 Nxd6 50. b8Q 1-0

[Event "SVK-ch U12"]
[Site "Stara Lubovna"]
[Date "2014.04.11"]
[Round "8"]
[White "Holly, Andrej"]
[Black "Cuker, Oliver"]
[Result "1/2-1/2"]
[WhiteElo "1112"]
[BlackElo "1116"]
[PlyCount "64"]
[EventDate "2014.04.05"]
[EventType "swiss"]
[EventRounds "9"]
[EventCountry "SVK"]
[SourceTitle "EXT 2016"]
[Source "ChessBase"]
[SourceDate "2015.10.08"]
[SourceVersion "1"]
[SourceVersionDate "2015.10.08"]
[SourceQuality "1"]

1. e4 c5 2. Nf3 e6 3. d4 cxd4 4. Nxd4 Nf6 5. Nc3 Bb4 6. Bg5 Qa5 7. Bxf6 Bxc3+ 8. bxc3 Qxc3+ 9. Ke2 gxf6 10. Nb5 Qc5 11. Ke1 Ke7 12. Qd2 a6 13. Nc3 b5 14. a3 Bb7 15. f3 Nc6 16. Rd1 Rhd8 17. a4 bxa4 18. Nxa4 Qa7 19. Qd6+ Ke8 20. Nc5 Bc8 21. h4 e5 22. Rh3 Ne7 23. Rg3 Kf8 24. Qxf6 Qxc5 25. Qh8+ Ng8 26. Rxg8+ Ke7 27. Rxd8 Qa5+ 28. Kf2 Qxd8 29. Qxe5+ Kf8 30. Qh8+ Ke7 31. Qxd8+ Kxd8 32. Kg3 a5 1/2-1/2

[Event "SVK-ch U10"]
[Site "Lubovna"]
[Date "2013.04.09"]
[Round "5"]
[White "Mezes, Kristof"]
[Black "Cuker, Oliver"]
[Result "1-0"]
[WhiteElo "1046"]
[BlackElo "1131"]
[PlyCount "79"]
[EventDate "2013.04.06"]
[EventType "swiss"]
[EventRounds "9"]
[EventCountry "SVK"]
[SourceTitle "CBM 153 Extra"]
[Source "ChessBase"]
[SourceDate "2013.04.22"]
[SourceVersion "1"]
[SourceVersionDate "2013.04.22"]
[SourceQuality "1"]

1. d4 f5 2. Nc3 Nf6 3. Nf3 e6 4. g3 b6 5. Bg2 Bb7 6. Bf4 Bb4 7. Qd2 0-0 8. 0-0 d6 9. a3 Bxc3 10. Qxc3 Nbd7 11. b4 Rc8 12. Qb3 Qe8 13. Rfe1 Kh8 14. c4 e5 15. dxe5 dxe5 16. Nxe5 Bxg2 17. Nxd7 Qxd7 18. Kxg2 Nh5 19. Rad1 Qf7 20. e3 Rfe8 21. Rd5 Nxf4+ 22. gxf4 Qg6+ 23. Kf1 Qg4 24. Red1 Qh3+ 25. Ke2 Qxh2 26. Qd3 Qh5+ 27. Ke1 Qh1+ 28. Kd2 Qh4 29. Qxf5 Qxf2+ 30. Kc1 Qxe3+ 31. Kc2 Qe2+ 32. R1d2 Qxc4+ 33. Kb2 Rb8 34. Qd7 Qxf4 35. Qd8 Qf6+ 36. Qxf6 gxf6 37. Rd7 Rbc8 38. Rh2 Rf8 39. Rhxh7+ Kg8 40. Rdg7# 1-0

[Event "SVK-ch U10"]
[Site "Lubovna"]
[Date "2013.04.07"]
[Round "2"]
[White "Cuker, Oliver"]
[Black "Viczencz, Peter"]
[Result "0-1"]
[WhiteElo "1131"]
[BlackElo "1483"]
[PlyCount "94"]
[EventDate "2013.04.06"]
[EventType "swiss"]
[EventRounds "9"]
[EventCountry "SVK"]
[SourceTitle "CBM 153 Extra"]
[Source "ChessBase"]
[SourceDate "2013.04.22"]
[SourceVersion "1"]
[SourceVersionDate "2013.04.22"]
[SourceQuality "1"]

1. d4 Nf6 2. Nf3 d5 3. e3 Bf5 4. c3 e6 5. Qb3 Qc8 6. Nbd2 c5 7. Be2 c4 8. Qa4+ Qc6 9. Qd1 Nbd7 10. Ne5 Qc7 11. Nxd7 Qxd7 12. 0-0 Bd6 13. Re1 0-0 14. Bf3 Qc6 15. b3 b5 16. g3 Rfc8 17. Bg2 cxb3 18. Nxb3 Qxc3 19. Bb2 Qxb2 20. Nd2 Bb4 21. Re2 Bxd2 22. Rxd2 Rc2 23. Rxc2 Qxc2 24. Bf3 Qxd1+ 25. Bxd1 Rc8 26. Be2 b4 27. f3 Rc3 28. Kf2 Bd3 29. Bd1 Bc4 30. Rb1 a5 31. Ba4 Bxa2 32. Ra1 Bc4 33. g4 Ra3 34. Rg1 Rxa4 35. g5 Nd7 36. e4 Ra2+ 37. Kg3 b3 38. Rd1 b2 39. Rb1 Bd3 40. Rd1 Ra1 41. Rxd3 b1Q 42. Rc3 Qe1+ 43. Kg4 Qxc3 44. e5 Ra3 45. Kh4 Qxf3 46. g6 Qf4+ 47. Kh5 fxg6# 0-1